| 000 | 00497cam a22001577a 4500 | ||
|---|---|---|---|
| 008 | 180718b1990 xxu||||| |||| 00| 0 eng d | ||
| 100 | _aEklund, Per | ||
| 245 |
_aPrepaid Financing of Primary Health Care in Guinea-Bissau: An Assessment of 18 Village Health Posts _cby Per Eklund and Knut Stavem |
||
| 260 |
_aWashington, D.C. _bIBRD _c1990 |
||
| 300 | _a49p. | ||
| 440 | _aWorking Papers WPS 488 | ||
| 650 | _aGuinea-Bissau | ||
| 650 | _aHealth Care | ||
| 700 | _aStavem, Knut | ||
| 700 | _aIBRD | ||
| 999 |
_c226387 _d226387 |
||